|
|
|
|
| LEADER |
00000nam a22000007a 4500 |
| 005 |
2022081703013.0 |
| 007 |
cr|||| |||| |
| 008 |
220817s2019 br |||||s|||| 00||0 por d |
| 020 |
|
|
|a 978-85-93741-42-5
|
| 035 |
|
|
|a 36854
|
| 040 |
|
|
|a vLex
|
| 090 |
|
|
|c 13732
|d 13732
|
| 100 |
1 |
|
|a Alves Vasconcelos, Priscila Elise
|
| 245 |
1 |
0 |
|a Responsabilidade Jurd̕ico-Ambiental das Usinas Sucroenergťicas e a Recuperaȯ̂ de ℓreas Degradadas
|h [Recurso electrn̤ico] /
|c Priscila Elise Alves Vasconcelos
|
| 256 |
|
|
|a Servicio en ln̕ea
|
| 260 |
|
|
|a Rio de Janeiro:
|b Editora Processo,
|c 2019
|
| 300 |
|
|
|a 1 recurso electrn̤ico
|
| 500 |
|
|
|a Atravš de muita pesquisa bibliogrf̀ica e empr̕ica, consegui mostrar o quô ̌importante e imprescindv̕el o estudo multidisciplinar. Esta pesquisa foi feita nos anos de 2016 e 2017, quando houve um aumento expressivo nas discusse̳s mundiais acerca da preservaȯ̂ ambiental e mudanȧ na matriz elťrica e energťica. Sendo o Brasil um dos principais pas̕es possuidores de belezas e riquezas naturais, alm̌ do setor de Agronegc̤io ser o pilar central da economia, o estudo foi realizado de forma a buscar meios de preservar o meio ambiente atravš de polt̕icas pb︢licas existentes. Assim, deixo para voc ̊leitor as prx̤imas pg̀inas de forma a agregar conhecimento tčnico-jurd̕ico nas r̀eas de Direito Ambiental e Direito de Energia. Divirta-se!
|
| 506 |
1 |
|
|a Disponible solo en los productos indicados
|d vLex Global
|d vLex Global (Academic Edition, excluding Law Schools)
|d vLex Global (U.S. Academic Edition, Law Schools)
|d vLex Global (U.S. Academic Edition, excluding Law Schools)
|d vLex Global (Academic Edition, Law Schools)
|
| 650 |
0 |
4 |
|a Derecho del Medio Ambiente
|z Brasil
|
| 740 |
0 |
|
|a vLex Libros (Servicio en ln̕ea)
|
| 856 |
4 |
0 |
|u https://app.vlex.com/#/sources/36854
|z Acceso restringido
|
| 942 |
|
|
|c BOOK
|
| 999 |
0 |
|
|a Environmental Law
|